000 00377 a2200169 4500
001 50510
020 _a8573591897
040 _cAnchieta - Bela Vista
100 _aPrieto, Heloisa
240 1 0 _aMano descobre a liberdade
_lpor
245 1 0 _aMano descobre a liberdade
300 _a48
362 0 _a2001
440 1 _aÁtica
650 4 _aLiteratura juvenil
942 _cBK
999 _c50510
_d50510